LEADER 01058nam a2200253 4500 001 000000360570 003 CaOOAMICUS 005 20241105141251.0 008 241105s2019 it 000 u ita r 020 $a978-88-922204-4-7 040 $aSeMil$bita 100 1 $aBalladore, Francesca,$d<1981- >.$0(OLS)http://semarc/name/120840 245 10$aGiulia :$b"In lei vedevano il Crocifisso" /$cFrancesca Balladore. 264 1$aCinisello Balsamo :$bSan Paolo,$c2019. 300 $a140 p. ;$c21 cm 490 1 $aMadri della fede 600 04$aGiulia .$0(OLS)http://semarc/subject/47611 830 0$aMadri della fede.$0(OLS)http://semarc/title/442424 850 $aSeMil 852 $aSeMil$W1$xVenegono$y1$m2NA P 3$j252058$B251577$CSeMilBibl$Z2$F251577 $81 996 $6020$a978-88-922204-4-7$9(OLS)http://semarc/number/301704 996 $6245$aGiulia :$b"In lei vedevano il Crocifisso"$9(OLS)http://semarc/title/451089 996 $6264$aCinisello Balsamo :$bSan Paolo$9(OLS)http://semarc/publisher/30129 LEADER 01186nam a2200265 i 4500 001 000000231411 003 CaOOAMICUS 005 20230926093811.0 008 140724s2000 it u000 u ita u 013 $a210314 040 $aSeMil$bita 100 1 $aCuratola, Giovanni.$0(OLS)http://semarc/name/43216 245 13$aIl confessionale dei Fantoni /$ca cura di Mauro Zanchi ; testi di Giovanni Curatola, Luciano Gritti, Mauro Zanchi. 264 1$aClusone (BG) :$bFerrari Editrice,$c2000. 300 $a63 p. :$bill. ;$c29 cm. 600 34$aFantoni .$0(OLS)http://semarc/subject/50545 650 4$aBergamo - Chiese - Santa Maria Maggiore - Confessionale.$0(OLS)http://semarc/subject/54463 700 1 $aGritti, Luciano.$0(OLS)http://semarc/name/79614 700 1 $aZanchi, Mauro.$0(OLS)http://semarc/name/9213 850 $aSeMil 852 $aSeMil$W1$xVenegono$y1$m5N VII 31$j181757$B181757$CSeMilBibl$Z2$F192532 $81 961 $aOmaggio: Martinelli don Romano 996 $6245$aIl confessionale dei Fantoni$9(OLS)http://semarc/title/330480 996 $6264$aClusone (BG) :$bFerrari Editrice$9(OLS)http://semarc/publisher/35341